| 000 | 00942nam a2200265 i 4500 | ||
|---|---|---|---|
| 001 | 31605 | ||
| 003 | ES-MaACL | ||
| 005 | 20250713065320.0 | ||
| 007 | t| | ||
| 008 | 030129m1987 it ||||1| ita d | ||
| 100 | 0 |
_aCanetta, Rosalba. _934492 |
|
| 245 | 1 | 0 |
_aAtti di governo _b: nota al testo e glossario di Rosalba Canetta ; Bibliografia / di Luigi Firpo. |
| 250 | _aEd. provvisoria. | ||
| 260 |
_aMilano : _bMediobanca, _c1987- |
||
| 300 |
_a10 fasc. : _bil. ; _c27 cm. |
||
| 490 | 1 | _aEdizione nazionale delle opere di Cesare Beccaria | |
| 500 | _aIndice. | ||
| 594 | _aPrecede al tít.: Cesare Beccaria. | ||
| 600 | 1 | 4 |
_aBeccaria, Cesare, _cmarchese di, _d1738-1794 _926869 |
| 700 | 1 |
_aBeccaria, Cesare, _cmarchese di, _d1738-1794 _926869 |
|
| 700 | 0 |
_aFirpo, Luigi. _950959 |
|
| 830 | 0 |
_aEdizione nazionale delle opere di Cesare Beccaria _9229377 |
|
| 852 |
_aES-MaACL _jP-191 _bR.11521 |
||
| 999 |
_c31605 _d31605 |
||